00851nam a2200217 a 450000100100000000500170001000800410002704000250006810000240009324000140011724501150013126000270024630000230027349000520029650000330034870000340038170000370041583000590045295201050051199900170061600004298620201002040542.0140214s2004 pe 001 0 spa d aDO-SdBNPbspacBNPHU1 aLudwig, Emil97049210aKleopatra10aCleopatra :bhistoria de una reina /cEmil Ludwig; traducción, Antonio Guardiola; prólogo, Carmen Alborch. a[Peru], :bABC,c2004. a284 p. : ;c21 cm.1 aBiblioteca ABCaProtagonistas de la historiav3 aIncluye índice analítico1 aAlborch, Carmeneprol.9704931 aGuardiola, Antonioetrad.970494 0aBiblioteca ABCgProtagonistas de la historiav3970491 001050718MOaGRbGRcCTd2014-02-14iLF1l0o p42986-10r2020-06-25w2020-06-25y1ZNo se presta c42475d42475